000 00724nam a22001817a 4500
999 _c86567
_d86565
005 20250911132005.0
008 240308b ||||| |||| 00| 0 eng d
245 _aDevelopment of registration system for admission office of university of Rizal system Antipolo campus /
_cSunday, Wendell, Adeline, Ma. Clarissa ;
260 _c2015
300 _aXIII, 81 pages ;
_bIllustration ( some color )
_c28cm
337 _2rdamedia
_aunmediated
338 _2rdacarrier
_avolume
502 _aThesis
_bBSIT
_cUniversity of Rizal System, Antipolo Campus
_d2015
700 _aBonos, Wendell Adia ;
_eAuthor.
700 _aLlamelo, Adeline Delos Reyes ;
_eAuthor.
700 _aMaligat, Ma. Clarissa Coratcha ;
_eAuthor.
942 _2lcc
_cT